Проектирование и производство цементационных и дренажных работ на строительстве энергетических объектов за рубежом. Эффективность работы противофильтрационных конструкций

Opis bibliograficzny
Korporacja: Всесоюзный проектно-изыскательский и научно-исследовательский институт "ГИДРОПРОЕКТ" имени С. Я. Жука
Kolejni autorzy: Малышев Л. И. (редактор)
Język:rosyjski
Wydane: Москва, Изд-во Ин-та Гидропроект, 1984
Seria:Сборник научных трудов Гидропроекта Вып. 104
Hasła przedmiotowe:
Format: MixedMaterials Książka
KOHA link:https://koha.lib.tpu.ru/cgi-bin/koha/opac-detail.pl?biblionumber=283629

MARC

LEADER 00000nam0a2200000 4500
001 283629
005 20250131182008.0
035 |a (RuTPU)RU\TPU\book\307752 
035 |a RU\TPU\book\258560 
090 |a 283629 
100 |a 20150209d1984 k y0rusy5003 ca 
101 0 |a rus 
102 |a RU 
105 |a a z 001zy 
200 1 |a Проектирование и производство цементационных и дренажных работ на строительстве энергетических объектов за рубежом. Эффективность работы противофильтрационных конструкций  |f Всесоюзный проектно-изыскательский и научно-исследовательский институт "ГИДРОПРОЕКТ" имени С. Я. Жука ; под ред. М. Ф. Красильникова , В. А. Семенкова 
210 |a Москва  |c Изд-во Ин-та Гидропроект  |d 1984 
215 |a 102 с.  |c ил. 
225 1 |a Сборник научных трудов Гидропроекта  |v Вып. 104 
320 |a Библиогр. в конце ст. 
500 1 0 |a Сборник научных трудов Гидропроекта  |9 88831 
606 1 |a Гидроэлектрические станции  |x Оборудование  |x Эксплуатация  |2 stltpush  |3 (RuTPU)RU\TPU\subj\7130  |9 34853 
610 1 |a ГЭС 
610 1 |a ГАЭС 
610 1 |a проектирование 
610 1 |a исследования 
675 |a 621.311.21.002.5  |v 4 
702 1 |a Малышев  |b Л. И.  |4 340 
712 0 2 |a Всесоюзный проектно-изыскательский и научно-исследовательский институт "ГИДРОПРОЕКТ" имени С. Я. Жука  |3 (RuTPU)RU\TPU\col\11545  |9 25169 
801 0 |a RU  |b 63413507  |c 19950704  |g psbo 
801 1 |a RU  |b 63413507  |c 20130515 
801 2 |a RU  |b 63413507  |c 20170503  |g RCR 
942 |c BK